00744 2200193 4500001002100000005001500021035002000036245019300056100003800249250002000287300004300307856002900350700007500379260003600454082001000490084001600500020002200516600001200538INLIS00000000114627220260129114048 a0010-01260003481 aEKSPLORASI SPIRITUALITAS BUDDHIS :bDALAM KEPUTUSAN HARGA JUAL PRODUK /cPENULIS ; DINI SULISTIYANI, WARSITO KAWEDAR, DESAIN COVER ; ALI HASAN ZEIN, TATA LETAK ; AJUK, PROOFREADER ; MIRA M0 aDINI SULISTIYANI, WARSITO KAWEDAR aCetakan pertama avii 70 Halaman ;c15,5 x 23 cmeKertas aLaunge Walikota Makassar0 aDESAIN COVER ; ALI HASAN ZEIN, TATA LETAK ; AJUK, PROOFREADER ; MIRA M aYogyakarta :bDeepublish,c2024 a294.3 a294.3 DIN e a978-623-02-8210-2 4aTeologi